The fool : character as technique in the novels of William Faulkner.

Bibliographic Details
Main Author: Ware, Cheryl Lynn
Other Authors: Burt, Forrest D. (degree committee member.), Bayliss, Garland (degree committee member.), Domelen, John Van (degree committee member.), Reynolds, Larry J. (degree committee member.)
Format: Thesis Book
Language:English
Published: 1983.
Subjects:
Online Access:Link to OAKTrust Copy
Link to ProQuest Copy

MARC

Tag First Indicator Second Indicator Subfields
LEADER 00000ctm a2200000Ia 4500
001 in00000565021
005 20190325091711.0
008 851019s1983 xx bm 000 0 eng d
035 |a (OCoLC)ocm12697392 
035 |9 ACM7963AM 
040 |a TXA  |b eng  |c TXA  |d OCLCQ  |d OCLCG  |d OCLCQ  |d OCLCO  |d OCLCF  |d TXA 
035 |a (OCoLC)12697392 
049 |a TXAM 
099 |a 1983  |a Dissertation  |a W267 
100 1 |a Ware, Cheryl Lynn. 
245 1 4 |a The fool :  |b character as technique in the novels of William Faulkner. 
264 1 |c 1983. 
300 |a viii, 189 leaves ;  |c 29 cm 
336 |a text  |b txt  |2 rdacontent 
337 |a unmediated  |b n  |2 rdamedia 
338 |a volume  |b nc  |2 rdacarrier 
500 |a Typescript (photocopy). 
502 |b Ph. D. in Philosophy  |c Texas A & M University  |d 1983 
500 |a Vita. 
504 |a Includes bibliographical references (leaves 174-186). 
500 |a "Major subject: English." 
520 3 |a A close analysis of the fool characters in William Faulkner's novels clearly establishes the importance of this character type in Faulkner's work. Focusing on Benjy Compson in The Sound and the Fury, Ike Snopes in The Hamlet, Tommy in Sanctuary, and Jim Bond in Absalom, Absalom!, this study asserts that these fools exemplify a clear use of character as technique, which is central to Faulkner's work. Each of these fools functions simultaneously on several levels. First, each functions within his individual novel to provide for manipulation of point of view, narrative traditions and conventions, style, structure, form, and theme. Benjy Compson and Ike Snopes serve the greatest number of these technical purposes, while Tommy and Jim Bond serve fewer; all four, however, serve similar thematic purposes. Second, each functions within the cross-cultural tradition of the fool, in which the fool, usually retarded and often deformed, was kept in a household to protect others from evil, since he was considered to have some supernatural immunity from evil; additionally, the fool was considered to have some kind of divine wisdom; finally, serving at times for entertainment, the fool was independent of societal restriction about behavior or speech. Considered within such a tradition, Faulkner's fools assume and imply deeper thematic possibilities, specifically as they reflect and measure the humanity and morality of those around them. Third, each of the last three fools--Ike, Tommy, and Jim--extends Faulkner's first fool, Benjy. Finally, each fool functions within the entire Faulkner canon, establishing a technique repeatedly explored and developed. Within this context, a study of these four fools reveals a variety of progressions in Faulkner's techniques and themes. Through such close study, it becomes clear that with the fool character, form becomes content in a typically intricate Faulknerian design. 
600 1 0 |a Faulkner, William,  |d 1897-1962  |x Characters  |x Fools. 
600 1 0 |a Faulkner, William,  |d 1897-1962  |x Criticism and interpretation. 
650 0 |a Fools and jesters in literature. 
650 4 |a English 
655 7 |a Academic theses  |2 lcgft 
700 1 |a Clark, William B.,  |e degree supervisor. 
700 1 |a Burt, Forrest D.,  |e degree committee member. 
700 1 |a Bayliss, Garland,  |e degree committee member. 
700 1 |a Domelen, John Van,  |e degree committee member. 
700 1 |a Reynolds, Larry J.,  |e degree committee member. 
710 2 |a Texas A & M University,  |e degree granting institution. 
856 4 1 |u http://hdl.handle.net/1969.1/Dissertations-576453  |z Link to OAKTrust Copy  |t 0 
856 4 1 |u http://proxy.library.tamu.edu/login?url=http://proquest.umi.com/pqdweb?did=753579141&sid=1&Fmt=2&clientId=2945&RQT=309&VName=PQD  |z Link to ProQuest Copy  |t 0 
994 |a C0  |b TXA 
999 f f |s eb258760-5af5-37f6-9012-f6aeb73ca698  |i 0783f300-adbc-3f93-a013-1cba228d966c  |t 0 
952 f f |p noncirc  |a Texas A&M University  |b J.J. Pickle Campus  |c High Density Repository  |s HDR  |d Remote Storage  |t 0  |e 1983 Dissertation W267  |h Other scheme  |i unmediated -- volume  |m A14840932121 
952 f f |a Texas A&M University  |b College Station  |c Electronic Resources  |s www_evans  |d Available Online  |t 0  |e 1983 Dissertation W267  |h Other scheme 
998 f f |a 1983 Dissertation W267  |t 0  |l Available Online 
998 f f |a 1983 Dissertation W267  |t 0  |l Remote Storage